| 000 | 00655nam a22001697a 4500 | ||
|---|---|---|---|
| 020 | _qHard Cover. | ||
| 082 | _a302.2 | ||
| 100 | _aJavaid, Aiman, Maham Hashmi, Parisey Tariq and Romessa Nadeem | ||
| 245 |
_aMedia and Information Literacy: _b(MIL PAKISTAN) / _cAimanJavaid, Maham Hashmi, Parisey Tariq and Romessa Nadeem. |
||
| 260 |
_aIslamabad: _bS3H - NUST, _c2019. |
||
| 300 |
_axii, 40 p. : _bill. ; _c30cm. |
||
| 650 |
_aMass Communication BS-Project. _927857 |
||
| 700 |
_aDr. Muhammad Arif _927858 |
||
| 856 | _uhttp://10.250.8.41:8080/xmlui/handle/123456789/3365 | ||
| 942 |
_2ddc _cTHE |
||
| 999 |
_c533840 _d533840 |
||